| 000 | 00833nam a2200253Ia 4500 | ||
|---|---|---|---|
| 003 | OSt | ||
| 005 | 20220930091040.0 | ||
| 006 | a|||||r|||| 00| 0 | ||
| 007 | ta | ||
| 008 | 220926b |||||||| |||| 00| 0 eng d | ||
| 024 | _a3413 | ||
| 037 | _cTheses | ||
| 040 |
_aCRL _cCRL _beng |
||
| 041 |
_2eng _aeng |
||
| 100 |
_aSharma Geetika _9544587 |
||
| 110 | _aUniversity of Delhi. Faculty of Medical Science. Department of Pathology | ||
| 245 | 0 | _aClinicopathological study of vesicodullous diseases of the skin with special reference to direct immunof luorescence | |
| 260 | _c2011 | ||
| 650 | _aMEDICINE | ||
| 700 |
_a Agarwal Shilpi Gu. _9544588 |
||
| 700 | _aUniversity of Delhi. Faculty of Medical Science. Department of Pathology | ||
| 942 |
_cDIS _2CC |
||
| 999 |
_c881556 _d881556 |
||